1000 câu giao tiếp Hoa - Việt (dùng kèm băng cassette) = 一千句中越文交际语

Đã lưu trong:
書目詳細資料
主要作者: Xuân Huy
格式: 圖書
出版: Nxb Trẻ 2003
標簽: 添加標簽
沒有標簽, 成為第一個標記此記錄!
Thư viện lưu trữ: Mạng thư viện Đại học Đà Nẵng
LEADER 00828nam a2200241 a 4500
001 000041616
003 18665
005 20171030155812.0
008 171030s2003
040 |a LNN 
082 0 |a 495.18  |b XU-H 
100 1 |a Xuân Huy 
245 0 0 |a 1000 câu giao tiếp Hoa - Việt (dùng kèm băng cassette) = 一千句中越文交际语  |c Xuân Huy, Lan Anh, Chu Minh. 
260 |b Nxb Trẻ  |c 2003 
OWN |a LNN 
AVA |a UDN50  |b LNN  |d 495.18 XU-H  |e available  |t Error 5001 Not defined in file expand_doc_bib_avail.  |f 1  |g 0  |h N  |i 0  |k 1 
999 |a From the UDN01 
AVA |a UDN50  |b LNN  |d 495.18 XU-H  |e available  |t Error 5001 Not defined in file expand_doc_bib_avail.  |f 1  |g 0  |h N  |i 0  |k 1 
TYP |a Monograph 
TYP |a Printed language 
980 |a Mạng thư viện Đại học Đà Nẵng